00494nam a2200181Ia 4500003000500000005001700005008004100022020001800063040002300081082002600104100002300130245003300153250001800186260004600204300002300250521002200273651001700295322820240607135715.0210816s9999 xx 000 0 und d a9780627013416 aRDAbEnglishc3228 a896.39 NTUL2Firstb1 a Ntuli, D B Z.  0aThe poetry of B.W. Vilakazi  aFirst Edition aCape TownbJ.L van Schaik publisherc1981 a246 Pagesc21.5 cm aAdult & teenagers aSouth Africa